| 000 | 09014nkm0a2200685 4500 | ||
|---|---|---|---|
| 001 | RU\NLR\BIBL_A\021985227 | ||
| 005 | 20260406084748.0 | ||
| 035 | _a(NLR Aleph) 021985227 | ||
| 090 |
_a13316504 _c13316504 |
||
| 100 | _a20230721d1900 |||y0rusy50 ca | ||
| 101 | 0 | _afre | |
| 102 | _aRU | ||
| 116 | _aiiycxx bf zz | ||
| 135 | _acrcn 024anaba | ||
| 181 | 0 |
_ab4 _bxb2e |
|
| 182 | 0 | _an | |
| 200 | 1 |
_aDiner de Gala. Orchestre de la Cour Impériale, 5 juillet 1900 _e[menu et] programme |
|
| 203 |
_aИзображение _bнеподвижное _bдвухмерное _bвизуальное _cнепосредственное |
||
| 210 |
_aMoscou _cfournissuer de la Cour de Sa Majeste S.té d'imprimerie A. A. Levenson _d[1900] |
||
| 215 |
_a1 л. (слож. второе) _cхромолитогр. _d26х49,8 см, слож. 26х16,7 |
||
| 300 | _aНа центральной и правой частях внизу факс. подписи художника: "Н. Каразин" | ||
| 300 | _aТекст меню и программа музыки на фр. яз. | ||
| 300 | _aВ программе музыки композиторы: Глинка, Луиджини, Гиро, Вагнер, Чайковский, Бойто, Серов, Массне, Глазунов | ||
| 325 | _aКопия доступна в Электрон. б-ке РНБ | ||
| 327 | 0 | _aМеню обеда и программа музыки в честь шаха Персии Мозаффар эд-Дин-шаха в Петровском зале Большого дворца в Петергофе 5 июля 1900 г. | |
| 327 | 0 | _aЛевая часть: процессия русских стольничих с блюдами. Центральная часть: вверху на фоне солнца лев с мечом в лапе - символ Персии, внизу лента с надписью "Добро пожаловать", памятник Петру I ("Медный всадник") в Санкт-Петербурге и хлеб-соль на блюде. Правая часть: процессия русских всадников с барабанами и трубами. На листе также малый государственный герб Российской империи | |
| 540 | 1 | _aМеню обеда и программа музыки в честь шаха Персии Мозаффар эд-Дин-шаха в Петровском зале Большого дворца в Петергофе 5 июля 1900 г. | |
| 540 | 1 | _aМеню обеда и программа музыки в честь шаха Персии Музаффер-ед-Дин-шаха в Петровском зале Большого дворца в Петергофе 5 июля 1900 г. | |
| 540 | 1 | _aМеню обеда и программа музыки в честь шаха Персии Мозафереддин-шах Каджара в Петровском зале Большого дворца в Петергофе 5 июля 1900 г. | |
| 540 | 1 | _aМеню обеда и программа музыки в честь персидского шаха 5 июля 1900 г. | |
| 540 | 1 | _aМеню обеда и программа музыки в честь иранского шаха 5 июля 1900 г. | |
| 541 | 1 | _aТоржественный обед. Императорский Придворный оркестр, 5 июля 1900 г. : меню и программа | |
| 606 | 1 |
_aКостюм русский _jИзоиздания _92083217 _3RU\NLR\AUTH\661259267 |
|
| 606 | 1 |
_aКостюм мужской _jИзоиздания _92111482 _3RU\NLR\AUTH\661579512 |
|
| 608 |
_aМеню _xХудожественное оформление _yРоссия _z19 в. _92323547 _3RU\NLR\AUTH\661389948 |
||
| 610 | 1 | _aМеню обеда | |
| 610 | 1 | _aПрограммы музыки | |
| 610 | 1 | _aЭтнографические изоиздания | |
| 617 |
_aРоссия _cСанкт-Петербургская губерния _cСанкт-Петербургский уезд _dСанкт-Петербург, город _eПамятник Петру I _kАдмиралтейская часть |
||
| 617 | _f19000705 | ||
| 686 | 1 | _aЩ153(2Р=Рус)53-489 | |
| 700 | 1 |
_4040 _8rus _7ca _aКаразин _bН. Н. _f1842-1908 _gНиколай Николаевич _3RU\NLR\AUTH\7753406 _936338 |
|
| 712 | 0 | 0 |
_4650 _4610 _aLevenson, _cMoscou _gA. A., _himprimerie _9857458 _3RU\NLR\AUTH\880596075 |
| 712 | 0 | 2 |
_4570 _7ba _8fre _aOrchestre de la Cour Impériale _cSaint-Pétersbourg _9857462 _3RU\NLR\AUTH\880596078 |
| 830 | _aМозаффар эд-Дин-шах: https://old.bigenc.ru/world_history/text/2032011 (21.07.2023). Музаффер-ед-Дин-шах: https://ru.wikisource.org/wiki/ЭСБЕ/Музаффер-ед-Дин-шах (21.07.2023). Мозафереддин-шах Каджар: https://ru.wikipedia.org/wiki/Мозафереддин-шах_Каджар (21.07.2023). АЯ ОЭФ | ||
| 830 | _aImprimerie de la Societe A. A. Levenson: https://www.litfund.ru/auction/367/82/ (21.07.2023). АЯ ОЭФ | ||
| 830 | _a"Датой рождения Придворного оркестра считают 30 августа 1882 года – день генеральной репетиции духового оркестра в Петергофе. Заведующим придворным музыкантским хором с одновременным зачислением по гвардейской кавалерии был назначен полковник Константин Карлович Штакельберг. ... Придворный музыкантский хор насчитывал в своих рядах около ста человек, из них примерно семьдесят человек составляли музыканты, при наборе которых предпочтение отдавалось тем, то играл на двух инструментах: струнном и духовом. Вначале не оказалось достаточного числа умеющих играть на двух инструментах из служивших в полковых музыкантских хорах, поэтому в оркестр были приняты десять иностранцев из тех, кто мог принять российское подданство. Для церемониальных придворных игр, оркестр одевался в форму придворного рогового хора восемнадцатого века, а для концертных исполнений, в цивильную одежду": http://russianimperialorchestra.ru/orchestra/2014-02-12/novost-2 (21.07.2023). АЯ ОЭФ | ||
| 830 | _a"ПРИДВОРНЫЙ ОРКЕСТР (до 1896 – Придворный музыкантский хор), создан в июле 1882 для обслуживания дворцовых церемоний и праздников. Первый профессиональный симфонический оркестр России. Состоял в ведении Министерства двора и Военного ведомства. Поначалу состоял из медной группы («хора»), позже были созданы симфоническая группа и роговой оркестр (начальник П. о. – полковник барон К. К. Штакельберг, первый капельмейстер – М. Г. Франк, второй – Г. К. Флиге). П. о. был укомплектован музыкантами гвардейских полков. В 1896 выведен из Военного ведомства, начал давать публичные концерты. ... В апреле 1917 преобразован в Гос. оркестр, с 1920 – Гос. филармонический оркестр под рук. С. А. Кусевицкого. В июле 1921 на основе бывш. П.о. создана Петрогр. (ныне С.-Петерб.) филармония": http://www.encspb.ru/object/2855716812?lc=ru (21.07.2023). АЯ ОЭФ | ||
| 852 | 0 | 0 |
_aNLR _bЭ _jПр.гр./М516к _mЭаф11895 |
| 856 | 0 | _uhttps://vivaldi.nlr.ru/lt000070433/view | |
| 856 | 1 | _uhttps://vivaldi.nlr.ru/lt000070433/cover | |
| 856 | 2 | _uhttps://vivaldi.nlr.ru/lt000070433/text | |
| 901 | _eИзографические материалы | ||
| 942 | _cVISUAL | ||
| 980 | _aNB | ||
| 981 | 1 | 7 |
_a(17) Изографические материалы _b(17) Прикладная графика |